Statistics for Top 10 Boston Red Sox of All-Time

Click here to take the quiz!

General Stats

  • This quiz has been taken 5,933 times
  • The average score is 6 of 10

Answer Stats

WARYearsPositionPlayer% Correct
52.92003-2016DHDavid Ortiz
92%
123.11939-1942, 1946-1960OFTed Williams
85%
53.81998-2004PPedro Martinez
75%
96.11961-1983OFCarl Yastrzemski
69%
81.31984-1996PRoger Clemens
67%
71.61982-19923BWade Boggs
58%
66.21901-1909PCy Young
42%
52.12006-2BDustin Pedroia
33%
66.21972-1990OFDwight Evans
27%
55.41907-1915OFTris Speaker
19%

Score Distribution

Percentile by Number Answered

Percent of People with Each Score

Your Score History

You have not taken this quiz